| 000 -LEADER |
| fixed length control field |
01180nam a22002177a 4500 |
| 003 - CONTROL NUMBER IDENTIFIER |
| control field |
OSt |
| 005 - DATE AND TIME OF LATEST TRANSACTION |
| control field |
20260122200054.0 |
| 008 - FIXED-LENGTH DATA ELEMENTS--GENERAL INFORMATION |
| fixed length control field |
230517b ||||| |||| 00| 0 eng d |
| 040 ## - CATALOGING SOURCE |
| Transcribing agency |
Ost |
| 041 ## - LANGUAGE CODE |
| Language code of text/sound track or separate title |
Shan |
| 082 ## - DEWEY DECIMAL CLASSIFICATION NUMBER |
| Classification number |
895.9198 |
| 245 ## - TITLE STATEMENT |
| Title |
ႁူမ်ႈႁႅင်းၵိုၼ်းမၢႆ-2၊ |
| Remainder of title |
ႁူမ်ႈသၢင်ႈၸႂ်ပႅင်းပဵၼ်ႁဵၼ်ႁႅင်းတၵ်းၵိုၼ်းၵိုၵ်းထိုင်လႅင်း |
| Statement of responsibility, etc. |
ၸုမ်းပွင်ၵၢၼ်လိၵ်ႈလၢႆးဝတ်ႉၵွင်းမူးၶမ်းဝဵင်းမူႇၸေႊ ၶပ်းၶိုင်- |
| 260 ## - PUBLICATION, DISTRIBUTION, ETC. |
| Place of publication, distribution, etc. |
ဝဵင်းလိူဝ်ႇ |
| Name of publisher, distributor, etc. |
ႁူင်းၽိမ်းယုဝ |
| Date of publication, distribution, etc. |
2013 |
| 300 ## - PHYSICAL DESCRIPTION |
| Extent |
ၵ၊ x၊ 224 ၼႃႈ |
| Other physical details |
လွၵ်း |
| Dimensions |
25 ၸိၼ်ႇထီႇ |
| 500 ## - GENERAL NOTE |
| General note |
S-SAT: Dr. Prof Sai Aung Tun |
|
| General note |
ပဵၼ်ပပ်ႉၸဝ်ႈတႃႇၼႁင်းၶေႃ တွၵ်ႉတိူဝ်ႇၸၢႆးဢွင်ႇထုၼ်းလူႇဝႆႉ |
| 650 ## - SUBJECT ADDED ENTRY--TOPICAL TERM |
| Topical term or geographic name entry element |
လိၵ်ႈႁူမ်ႈတုမ် |
| 942 ## - ADDED ENTRY ELEMENTS (KOHA) |
| Koha item type |
Book (Short term) |
|
| Source of classification or shelving scheme |
|
|
| Source of classification or shelving scheme |
|